000 00421nam a2200181Ia 4500
008 090123s9999 xx 000 0 und d
082 _b38876
100 _aMCGINNESS JOE
245 _aTHE LAST BROTHER
250 _a0
260 _bSIMON & SCHUSTER INC
_c1993
300 _a626
600 _aMCGINNESS JOE
630 _aTHE LAST BROTHER
700 _aMCGINNESS JOE
730 _aTHE LAST BROTHER
942 _cBOOK
999 _c76944
_d76944